00626cam a2200157 a 4500040000800000082002600008245010000034260012900134300005200263500001800315500002700333650002500360650002800385710001600413710003900429 cDLC a332 POV 2009 A073 Or.00aCambodia a better investment climate to sustain growth :bsecond investment climate assessment. a[Phnom Penh] :bPoverty Reduction and Economic Management Sector Unit, East Asia and Pacific Region, The World Bank :c2009. axiv, 85 leaves :bcol. ill., col. map ;c30 cm. a"April 2009." a"Report no. 49371-KH." 0aInvestments, Foreign 0aSustainable development2 aWorld Bank.2 aInternational Finance Corporation.